WWF/WWE Survivor Series Sole Survivors - Statistics

General Stats
  • This quiz has been taken 382 times
  • The average score is 8 of 24
Answer Stats
Times Answer % Correct
2x Hulk Hogan
76%
3x Randy Orton
72%
2x Rocky Maivia/The Rock
68%
3x The Ultimate Warrior
56%
2x Dolph Ziggler
52%
2x Ric Flair
50%
1x Roman Reigns
48%
1x Andre the Giant
47%
1x Big Show
39%
1x Million Dollar Man Ted Dibiase
39%
1x Razor Ramon
29%
1x Mr. Perfect
28%
1x Tito Santana
25%
1x Lex Luger
23%
1x Kofi Kingston
22%
1x The British Bulldog
19%
1x Jeff Hardy
15%
1x Ken Shamrock
12%
1x 1-2-3 Kid
10%
1x Aja Kong
10%
1x Beth Phoenix
7%
1x Hardcore Holly
6%
1x Bart Gunn
4%
1x The Interrogator
4%
No matching quizzes found
Score Distribution
Percent of People with Each Score
Percentile by Number Answered
Your Score History
You have not taken this quiz